[Event "AUTO-ADV-641"]
[Site "http://www.queenalice.com/game.php?id=268771"]
[Date "2007.9.8"]
[Round "1"]
[White "Dominicini"]
[Black "Brandt"]
[Result "1-0"]
[WhiteElo "1679"]
[BlackElo "1713"]

1. e4 c6 2. d4 d5 3. Nc3 dxe4 4. Nxe4 Nd7 5. Bc4 Ngf6 6. Qf3 e6 7. Bg5 Be7 8.
Nh3 Nxe4 9. Bxe7 Qxe7 10. Qxe4 Qb4+ 11. c3 Qxc4 12. Ng5 Qd5 13. Qf4 Nf6 14. Qc7
Qxg5 15. O-O O-O 16. Rad1 Nd5 17. Qd6 Nf4 18. g3 Ne2+ 19. Kh1 Qf5 20. Rde1 1-0

[Event "AUTO-ADV-641"]
[Site "http://www.queenalice.com/game.php?id=268772"]
[Date "2007.9.8"]
[Round "1"]
[White "Brandt"]
[Black "Dominicini"]
[Result "0-1"]
[WhiteElo "1696"]
[BlackElo "1696"]

1. d4 Nf6 2. c4 g6 3. Nc3 Bg7 4. Nf3 d6 5. e4 c5 6. d5 O-O 7. Be2 Bg4 8. Qb3 b6
9. h3 Bxf3 10. Bxf3 Na6 11. a3 Re8 12. O-O e6 13. Bg5 exd5 14. Nxd5 Re5 15. Bf4
Re6 16. Nxf6+ Qxf6 17. Bg3 h6 18. e5 dxe5 19. Bxa8 h5 20. Bd5 Re7 21. Rfe1 Nc7
0-1

[Event "QA-ANNIV-03"]
[Site "http://www.queenalice.com/game.php?id=270080"]
[Date "2007.9.11"]
[Round "3"]
[White "dlabedz"]
[Black "Brandt"]
[Result "0-1"]
[WhiteElo "1324"]
[BlackElo "1780"]

1. d4 d5 2. e3 Nf6 3. c4 e6 4. c5 b6 5. g3 bxc5 6. Ne2 cxd4 7. Qxd4 Nc6 8. Qd2
Bb4 9. Nbc3 Ne4 10. Nxe4 Bxd2+ 11. Bxd2 dxe4 12. Rd1 Bd7 13. Bg2 f5 14. f3 exf3
15. Bxf3 O-O 16. Nd4 Nxd4 17. exd4 Rb8 18. b3 Qc8 19. d5 Re8 20. O-O Qa6 21. Rf2
Qxa2 22. Be3 Qxb3 23. Bxa7 Ra8 24. Bd4 Ra2 25. Rff1 Qc2 26. Rc1 Qxh2# 0-1

[Event "AUTO-ADV-499"]
[Site "http://www.queenalice.com/game.php?id=271346"]
[Date "2007.9.13"]
[Round "2"]
[White "Brandt"]
[Black "eductx"]
[Result "0-1"]
[WhiteElo "1805"]
[BlackElo "2032"]

1. d4 d5 2. c4 e6 3. Nc3 Nf6 4. Bg5 Nbd7 5. cxd5 exd5 6. Nxd5 Nxd5 7. Bxd8 Bb4+
8. Qd2 Bxd2+ 9. Kxd2 Kxd8 10. Nf3 N7f6 11. Ne5 Be6 12. g3 Ke7 13. Bg2 Rad8 14.
Rhd1 c6 15. Ke1 Rhe8 16. e4 Nb4 17. Rdc1 Rxd4 18. a3 Nd3+ 19. Nxd3 Rxd3 20. e5
Nd7 21. f4 Bg4 22. h3 Rxg3 0-1

[Event "AUTO-ADV-499"]
[Site "http://www.queenalice.com/game.php?id=271347"]
[Date "2007.9.13"]
[Round "2"]
[White "eductx"]
[Black "Brandt"]
[Result "1-0"]
[WhiteElo "2025"]
[BlackElo "1812"]

1. Nf3 c5 2. c4 d6 3. g3 Nf6 4. Bg2 g6 5. O-O Bg7 6. Nc3 O-O 7. d3 Nc6 8. Bd2
Qc7 9. a3 Bg4 10. b4 cxb4 11. axb4 Nxb4 12. Nb5 Qc5 13. Be3 Qf5 14. Rxa7 Rxa7
15. Bxa7 Nc6 16. Nfd4 Nxd4 17. Bxd4 Qe6 18. Re1 Nd7 19. Bd5 Qf5 20. Be4 Qe6 21.
Nc7 1-0

[Event "AUTO-OPEN-638"]
[Site "http://www.queenalice.com/game.php?id=274099"]
[Date "2007.9.19"]
[Round "2"]
[White "Nakgada"]
[Black "Brandt"]
[Result "1-0"]
[WhiteElo "1848"]
[BlackElo "1785"]

1. d4 Nf6 2. Bg5 d5 3. Bxf6 gxf6 4. e3 e5 5. c3 Nc6 6. Bb5 Bd7 7. Qb3 a6 8. Be2
Bc8 9. Nd2 b5 10. a4 bxa4 11. Rxa4 Rb8 12. Qa2 a5 13. Nb3 exd4 14. Nxd4 Nxd4 15.
Rxd4 c6 16. Nf3 Qb6 17. O-O Qxb2 18. Qxb2 Rxb2 19. Rd2 Rxd2 20. Nxd2 a4 21. Ra1
a3 22. Nb1 Rg8 23. Nxa3 Bxa3 24. Rxa3 Ke7 25. Ra8 Rd8 26. Ra7+ Ke6 27. Ra8 Ke7
28. Bh5 Be6 29. Ra7+ Rd7 30. Ra6 Rb7 31. g3 1-0

[Event "AUTO-OPEN-638"]
[Site "http://www.queenalice.com/game.php?id=274100"]
[Date "2007.9.19"]
[Round "2"]
[White "Brandt"]
[Black "Nakgada"]
[Result "0-1"]
[WhiteElo "1772"]
[BlackElo "1861"]

1. d4 e6 2. c4 c5 3. Nf3 cxd4 4. Nxd4 Nc6 5. Nxc6 bxc6 6. Nc3 Bb4 7. Bd2 Qb6 8.
a3 Bc5 9. e3 Qxb2 10. Na4 Qe5 11. Nxc5 Qxc5 12. Bb4 Qg5 13. Qd6 Ne7 14. f4 Qf6
15. Rd1 a5 16. Bc5 Nf5 17. Qd2 Qh4+ 18. Qf2 Qxf2+ 19. Kxf2 Rb8 20. g4 Nh6 21.
Rg1 Ng8 22. Bg2 Nf6 23. Rd2 Nxg4+ 24. Kg3 h5 25. Rgd1 Nf6 26. Bxc6 h4+ 27. Kg2
Rh5 28. Bd6 Rb6 29. Bb5 Ne4 30. Rd4 Nc3 0-1

[Event "AUTO-OPEN-638"]
[Site "http://www.queenalice.com/game.php?id=274103"]
[Date "2007.9.19"]
[Round "2"]
[White "REUSKING"]
[Black "Brandt"]
[Result "1-0"]
[WhiteElo "1943"]
[BlackElo "1731"]

1. e4 d6 2. d4 Nf6 3. Nc3 Nbd7 4. Nf3 e5 5. dxe5 dxe5 6. Bc4 Bc5 7. O-O O-O 8.
Bg5 b6 9. Nd5 Bb7 10. Re1 Bxd5 11. Bxd5 Rc8 12. c4 c6 13. Bxc6 Rxc6 14. Qc2 h6
15. Bh4 Qc7 16. Rad1 Rd6 17. Bg3 Rxd1 18. Rxd1 Nh5 19. b3 Nxg3 20. hxg3 Rd8 21.
Qc3 Nf6 22. Rxd8+ Qxd8 23. Nxe5 Bd4 24. Qd3 Nh7 25. Kf1 Nf8 26. Nc6 Qd6 27. Nxa7
Ne6 28. Nb5 Qd8 29. Nxd4 Qxd4 30. Qxd4 Nxd4 31. Ke1 Kf8 32. Kd2 Ke7 33. Kc3 1-0

[Event "AUTO-OPEN-638"]
[Site "http://www.queenalice.com/game.php?id=274104"]
[Date "2007.9.19"]
[Round "2"]
[White "Brandt"]
[Black "REUSKING"]
[Result "0-1"]
[WhiteElo "1782"]
[BlackElo "1934"]

1. d4 d5 2. c4 e6 3. Nc3 Nf6 4. Bf4 Bd6 5. Bxd6 Qxd6 6. c5 Qe7 7. Nf3 b6 8. b4
Bb7 9. e3 O-O 10. Bd3 c6 11. O-O Nbd7 12. Qc2 e5 13. dxe5 Nxe5 14. Nxe5 Qxe5 15.
Rae1 Bc8 16. Ne2 b5 17. Nd4 Bd7 18. a3 Rfe8 19. Nf3 Qc7 20. h3 Re7 21. Ng5 g6
22. e4 Rae8 23. f3 h6 24. e5 Rxe5 25. Rxe5 Qxe5 26. Bxg6 Qxg5 27. Bd3 Bxh3 28.
Kh1 Bd7 29. f4 Qh4+ 30. Kg1 Ng4 0-1

[Event "Let's Play Chess!"]
[Site "http://www.queenalice.com/game.php?id=277089"]
[Date "2007.9.26"]
[Round "-"]
[White "arq40"]
[Black "Brandt"]
[Result "1-0"]
[WhiteElo "1867"]
[BlackElo "1723"]

1. e4 c6 2. d4 d5 3. exd5 cxd5 4. Nf3 Nf6 5. Nc3 Bg4 6. h3 Bh5 7. Be2 Nc6 8. O-O
e6 9. Bg5 Be7 10. Nb5 a6 11. Nc3 Qb6 12. b3 Bxf3 13. Bxf3 Qxd4 14. Ne2 Qxd1 15.
Raxd1 1-0

[Event "Let's Play Chess!"]
[Site "http://www.queenalice.com/game.php?id=277253"]
[Date "2007.9.26"]
[Round "-"]
[White "Brandt"]
[Black "txukahamae"]
[Result "1-0"]
[WhiteElo "1788"]
[BlackElo "1663"]

1. d4 d5 2. c4 c6 3. cxd5 cxd5 4. Nf3 Nf6 5. Bg5 e6 6. e3 Be7 7. Nc3 O-O 8. Bd3
h6 9. Bh4 b6 10. O-O Bb7 11. h3 Nbd7 12. Bc2 Rc8 13. Rc1 Nh7 14. Qd3 g6 15. Bxe7
Qxe7 16. h4 Qf6 17. h5 Qg7 18. hxg6 fxg6 19. Qxg6 Qxg6 20. Bxg6 Kg7 21. Bxh7
Kxh7 22. Nb5 a6 23. Rxc8 Rxc8 24. Nd6 Rb8 25. Rc1 Ba8 26. Rc7 Rd8 27. Nf7 1-0

[Event "Let's Play Chess!"]
[Site "http://www.queenalice.com/game.php?id=277254"]
[Date "2007.9.26"]
[Round "-"]
[White "chrisnorman"]
[Black "Brandt"]
[Result "1-0"]
[WhiteElo "1772"]
[BlackElo "1746"]

1. e4 c6 2. d4 d5 3. e5 Bf5 4. g4 Bg6 5. Bf4 e6 6. Nf3 Nd7 7. Nc3 Bb4 8. a3 Ba5
9. b4 Bb6 10. h3 f6 11. h4 Be4 12. exf6 Ngxf6 13. Nxe4 dxe4 14. Ng5 Qe7 15. c3
Nd5 16. Qd2 Rf8 17. Bg3 O-O-O 18. O-O-O h6 19. Nxe4 N7f6 20. Bd6 Qd7 21. Bxf8
Rxf8 22. Nc5 1-0